00679nam a2200169 i 4500001000700000003000900007007000300016008004100019100003800060245019900098260006800297300002000365500003200385700003300417700003500450852002400485102298ES-MaACLt|051108m19061913sp ||||1| spa d1 aMenéndez y Fernández, Carlos.10aGuía oficial de las aguas minero-medicinales y establecimientos balnearios de España / cpor D. Carlos Menéndez y Fernández, D. Emilio de Miguel y Paredes y Fernando Martínez Carrillo. aMadrid : b[s.n.], c1906-1913 (fImp. Hijos de J. A. García) a2 v. ; c22 cm. aSon los años 1906 y 1913.1 aMiguel y Paredes, Emilio de.1 aMartínez Carrillo, Fernando. aES-MaACLjG-1381-82